| 000 | 00737nam a2200229 i 4500 | ||
|---|---|---|---|
| 001 | 105680 | ||
| 003 | ES-MaACL | ||
| 005 | 20250824064631.0 | ||
| 007 | t| | ||
| 008 | 060807s1960 ag |||| | spa d | ||
| 080 | _a821.133.1-2"19" | ||
| 100 | 1 |
_aCamus, Albert, _d1913-1960 _9240798 |
|
| 245 | 1 | 0 |
_aTeatro. _n2, _pLos poseídos / _cAlbert Camus ; traducción de Victoria Ocampo. |
| 260 |
_aBuenos Aires : _bLosada, _c[1960] |
||
| 300 |
_a143 p. ; _c21 cm. |
||
| 490 | 1 | _aGran teatro del mundo | |
| 700 | 1 |
_aOcampo, Victoria, _d1890-1979 _986446 |
|
| 740 | 4 | 2 | _aLos poseídos. |
| 830 | 0 | 0 |
_aGran teatro del mundo (Losada) _9184853 |
| 852 |
_aES-MaACL _jAND-493 _z. - Biblioteca Juan Andrade |
||
| 999 |
_c105680 _d105680 |
||